La IGJ expande su competencia (¿solo?) registral sobre el contrato de fideicomiso (Registro nro. 21387)

Detalles MARC
000 -LEADER
fixed length control field 00371 a2200109 4500
001 - CONTROL NUMBER
control field ART_51147
005 - DATE AND TIME OF LATEST TRANSACTION
control field 20260410161810.0
008 - FIXED-LENGTH DATA ELEMENTS--GENERAL INFORMATION
fixed length control field 260409a
100 1# - MAIN ENTRY--PERSONAL NAME
Personal name Papa, Rodolfo G.
245 10 - TITLE STATEMENT
Title La IGJ expande su competencia (¿solo?) registral sobre el contrato de fideicomiso
773 0# - HOST ITEM ENTRY
Title Doctrina Societaria y Concursal
Related parts - N° 394 (sep. 2020)
Record control number REV4298

No hay ítems disponibles.